[Event "Mittelrhein Verbandsliga-W 18/19"]
[Site "Nordrheinwestfalen"]
[Date "2019.05.05"]
[Round "10.8"]
[White "Samraoui, Mekki"]
[Black "Fournell, Udo"]
[Result "0-1"]
[WhiteElo "1977"]
[BlackElo "1860"]
[PlyCount "63"]
[EventDate "2018.09.02"]
[EventType "team-tourn"]
[EventRounds "11"]
[EventCountry "GER"]
[SourceTitle "EXT 2022"]
[Source "ChessBase"]
[SourceDate "2021.10.06"]
[SourceVersion "1"]
[SourceVersionDate "2021.10.06"]
[SourceQuality "1"]
[WhiteTeam "Herzogenrath"]
[BlackTeam "Aachen PTSV"]
[WhiteTeamCountry "GER"]
[BlackTeamCountry "GER"]

1. b3 b6 2. Bb2 Bb7 3. e3 e6 4. f4 f5 5. Nf3 Nf6 6. a4 a5 7. Be2 Be7 8. 0-0 0-0 9. h3 h6 10. Ne5 Kh7 11. Bh5 Nxh5 12. Qxh5 Qe8 13. Qe2 d6 14. Nf3 Nd7 15. Qc4 Ba6 16. Qxe6 Bxf1 17. Kxf1 Bf6 18. Qxe8 Raxe8 19. Bxf6 Rxf6 20. Nc3 c6 21. Nd4 d5 22. Nce2 Nc5 23. Nf3 Nd7 24. Kf2 g6 25. g4 fxg4 26. hxg4 Nc5 27. Rh1 Kg7 28. d3 Ne6 29. Ne5 Nxf4 30. g5 Nh3+ 31. Ke1 Nxg5 32. Ng4 0-1

[Event "Mittelrhein Verbandsliga-W 1112"]
[Site "Germany"]
[Date "2012.01.15"]
[Round "5.4"]
[White "Peters, Matthias"]
[Black "Samraoui, Mekki"]
[Result "1/2-1/2"]
[WhiteElo "1956"]
[BlackElo "1968"]
[PlyCount "29"]
[EventDate "2011.09.18"]
[EventType "team-tourn"]
[EventRounds "11"]
[EventCountry "GER"]
[SourceTitle "EXT 2013"]
[Source "ChessBase"]
[SourceDate "2012.11.22"]
[SourceVersion "1"]
[SourceVersionDate "2012.11.22"]
[SourceQuality "1"]
[WhiteTeam "Brand SF"]
[BlackTeam "Aachen Aufwaerts II"]
[WhiteTeamCountry "GER"]
[BlackTeamCountry "GER"]

1. e4 e6 2. d4 d5 3. Nd2 Nf6 4. e5 Nfd7 5. Ngf3 c5 6. c3 Nc6 7. Be2 f6 8. exf6 Nxf6 9. 0-0 cxd4 10. cxd4 Bd6 11. b3 0-0 12. Bb2 Bd7 13. Ne5 Rc8 14. Ndf3 Ne4 15. Rc1 1/2-1/2

[Event "Mittelrhein Verbandsliga-W 1112"]
[Site "Germany"]
[Date "2011.09.18"]
[Round "1.7"]
[White "Samraoui, Mekki"]
[Black "Nyssen, Michael"]
[Result "1-0"]
[WhiteElo "1968"]
[BlackElo "1756"]
[PlyCount "35"]
[EventDate "2011.09.18"]
[EventType "team-tourn"]
[EventRounds "11"]
[EventCountry "GER"]
[SourceTitle "EXT 2013"]
[Source "ChessBase"]
[SourceDate "2012.11.22"]
[SourceVersion "1"]
[SourceVersionDate "2012.11.22"]
[SourceQuality "1"]
[WhiteTeam "Aachen Aufwaerts II"]
[BlackTeam "Arminia Eilendorf"]
[WhiteTeamCountry "GER"]
[BlackTeamCountry "GER"]

1. b3 Nf6 2. Bb2 g6 3. e4 d6 4. d3 Bg7 5. Ne2 c5 6. g3 Nc6 7. Bg2 e5 8. 0-0 0-0 9. a4 Nd7 10. Nd2 Qe7 11. Nc3 Nf6 12. Nc4 a6 13. Nb6 Rb8 14. Ncd5 Qd8 15. Nxf6+ Bxf6 16. Nd5 Bg7 17. f4 Bg4 18. Qxg4 1-0

[Event "BEL-chT 1011"]
[Site "Belgium"]
[Date "2010.09.26"]
[Round "1.7"]
[White "Samraoui, Mekki"]
[Black "Samraoui, Mekki"]
[Result "1/2-1/2"]
[WhiteElo "1997"]
[BlackElo "2056"]
[PlyCount "59"]
[EventDate "2010.09.26"]
[EventType "team-tourn"]
[EventRounds "11"]
[EventCountry "BEL"]
[SourceTitle "EXT 2012"]
[Source "ChessBase"]
[SourceDate "2011.11.24"]
[SourceVersion "1"]
[SourceVersionDate "2011.11.24"]
[SourceQuality "1"]
[WhiteTeam "Eynatten"]
[BlackTeam "Eynatten II"]
[WhiteTeamCountry "BEL"]
[BlackTeamCountry "BEL"]

1. d4 d5 2. Nf3 Nf6 3. Bf4 Bf5 4. e3 e6 5. Bd3 Ne4 6. Nbd2 Nxd2 7. Qxd2 Bxd3 8. cxd3 Bd6 9. Bxd6 Qxd6 10. 0-0 Nd7 11. b4 0-0 12. Rfc1 c6 13. Qb2 a6 14. Ne5 Nb6 15. a4 f6 16. Nf3 Nd7 17. b5 c5 18. bxa6 bxa6 19. Qa3 Rfc8 20. Nd2 Qf8 21. dxc5 Nxc5 22. d4 Nd7 23. Qd3 Qd6 24. g4 e5 25. dxe5 fxe5 26. Ne4 Qe6 27. Ng3 e4 28. Qd1 Ne5 29. Nf5 g6 30. Qxd5 1/2-1/2

[Event "Maastricht Limburg op-A 4th"]
[Site "Maastricht"]
[Date "2010.05.22"]
[Round "2"]
[White "Samraoui, Mekki"]
[Black "Wislez, Francis"]
[Result "0-1"]
[WhiteElo "2126"]
[BlackElo "2040"]
[PlyCount "82"]
[EventDate "2010.05.21"]
[EventType "swiss"]
[EventRounds "7"]
[EventCountry "NED"]
[SourceTitle "CBM 136 Extra"]
[Source "ChessBase"]
[SourceDate "2010.07.02"]
[SourceVersion "2"]
[SourceVersionDate "2010.07.15"]
[SourceQuality "1"]

1. b3 d5 2. Bb2 c5 3. e3 Nc6 4. f4 Nf6 5. Nf3 Bg4 6. Bb5 Rc8 7. d3 Qa5+ 8. Nc3 d4 9. Bxc6+ Rxc6 10. Qd2 Bxf3 11. gxf3 dxc3 12. Bxc3 Qa3 13. e4 g6 14. Rg1 Bg7 15. f5 Nh5 16. Bxg7 Nxg7 17. Qc3 Qb4 18. Qxb4 cxb4 19. 0-0-0 0-0 20. fxg6 hxg6 21. f4 Rfc8 22. Rg2 Kf8 23. Rdg1 e6 24. h4 Ke7 25. d4 Rc3 26. d5 Nh5 27. f5 gxf5 28. dxe6 fxe6 29. exf5 exf5 30. Kb1 f4 31. Re2+ Kf6 32. Rg5 R8c5 33. Rg8 Rc8 34. Rg5 R3c5 35. Rgg2 Ng3 36. Rd2 Ne4 37. Rd4 Ke5 38. Rxb4 f3 39. Rg4 Nd2+ 40. Ka1 f2 41. Rg5+ Ke6 0-1

[Event "Maastricht Limburg op-A 4th"]
[Site "Maastricht"]
[Date "2010.05.21"]
[Round "1"]
[White "Van Laatum, Maarten"]
[Black "Samraoui, Mekki"]
[Result "1-0"]
[WhiteElo "2042"]
[BlackElo "2126"]
[PlyCount "31"]
[EventDate "2010.05.21"]
[EventType "swiss"]
[EventRounds "7"]
[EventCountry "NED"]
[SourceTitle "CBM 136 Extra"]
[Source "ChessBase"]
[SourceDate "2010.07.02"]
[SourceVersion "2"]
[SourceVersionDate "2010.07.15"]
[SourceQuality "1"]

1. e4 e6 2. d4 d5 3. Nc3 Bb4 4. e5 c5 5. a3 Bxc3+ 6. bxc3 Qc7 7. Nf3 Nc6 8. a4 f6 9. Bb5 Bd7 10. 0-0 Nge7 11. Re1 fxe5 12. Nxe5 cxd4 13. Bxc6 Bxc6 14. Qg4 Bd7 15. Qxg7 Rf8 16. Bh6 1-0

[Event "GER-chT U20"]
[Site "Cologne"]
[Date "2004.12.30"]
[Round "7.2"]
[White "Koch, Moritz"]
[Black "Samraoui, Mekki"]
[Result "1-0"]
[WhiteElo "2218"]
[BlackElo "1826"]
[PlyCount "61"]
[EventDate "2004.12.27"]
[EventType "team"]
[EventRounds "7"]
[EventCountry "GER"]
[SourceTitle "CBM 104 Extra"]
[Source "ChessBase"]
[SourceDate "2005.03.01"]
[SourceVersion "1"]
[SourceVersionDate "2005.03.01"]
[SourceQuality "1"]
[WhiteTeam "Puschendorf U20"]
[BlackTeam "Herzogenrath (U20)"]
[WhiteTeamCountry "GER"]
[BlackTeamCountry "GER"]

1. e4 e6 2. d3 d5 3. Nd2 c5 4. Ngf3 Nc6 5. g3 Nge7 6. Bg2 g6 7. 0-0 Bg7 8. Re1 0-0 9. h4 b5 10. h5 a5 11. Nf1 Ba6 12. h6 Bh8 13. e5 Qc7 14. Bf4 Nf5 15. N1h2 c4 16. d4 b4 17. c3 Qb7 18. Qd2 Rab8 19. g4 Nfe7 20. Bg5 f6 21. exf6 Bxf6 22. Rxe6 bxc3 23. bxc3 Bxg5 24. Qxg5 Qb2 25. Rae1 Qxc3 26. Rxe7 Nxe7 27. Rxe7 Rb1+ 28. Bf1 Bb7 29. Qe5 Rxf1+ 30. Nxf1 Qxf3 31. Qg7# 1-0

[Event "GER-chT U20"]
[Site "Cologne"]
[Date "2004.12.29"]
[Round "6.2"]
[White "Samraoui, Mekki"]
[Black "Schlawin, Marlon"]
[Result "1/2-1/2"]
[WhiteElo "1826"]
[BlackElo "2190"]
[PlyCount "73"]
[EventDate "2004.12.27"]
[EventType "team"]
[EventRounds "7"]
[EventCountry "GER"]
[SourceTitle "CBM 104 Extra"]
[Source "ChessBase"]
[SourceDate "2005.03.01"]
[SourceVersion "1"]
[SourceVersionDate "2005.03.01"]
[SourceQuality "1"]
[WhiteTeam "Herzogenrath (U20)"]
[BlackTeam "Bochum 31 (U20)"]
[WhiteTeamCountry "GER"]
[BlackTeamCountry "GER"]

1. b3 e5 2. Bb2 Nc6 3. e3 d6 4. Bb5 Bd7 5. Ne2 a6 6. Bxc6 Bxc6 7. f3 Qg5 8. 0-0 Nf6 9. Qe1 0-0-0 10. Qg3 Qh6 11. f4 exf4 12. Nxf4 Rg8 13. Qh3+ Qxh3 14. Nxh3 Be7 15. d3 Rdf8 16. e4 Ng4 17. Nd2 g6 18. Rae1 Kd7 19. Nf2 Nxf2 20. Rxf2 f5 21. Ref1 Bh4 22. g3 Bg5 23. Re1 h5 24. Nf3 Bh6 25. e5 Bxf3 26. e6+ Ke7 27. Rxf3 Bg7 28. Bxg7 Rxg7 29. d4 d5 30. c4 Rd8 31. c5 Kf6 32. Rfe3 Re7 33. Kf2 g5 34. Re5 c6 35. Kg2 Kg6 36. Rf1 Rf8 37. h4 1/2-1/2

[Event "GER-chT U20"]
[Site "Cologne"]
[Date "2004.12.28"]
[Round "4.2"]
[White "Samraoui, Mekki"]
[Black "Kubens, Viktor"]
[Result "1/2-1/2"]
[WhiteElo "1826"]
[BlackElo "1883"]
[PlyCount "49"]
[EventDate "2004.12.27"]
[EventType "team"]
[EventRounds "7"]
[EventCountry "GER"]
[SourceTitle "CBM 104 Extra"]
[Source "ChessBase"]
[SourceDate "2005.03.01"]
[SourceVersion "1"]
[SourceVersionDate "2005.03.01"]
[SourceQuality "1"]
[WhiteTeam "Herzogenrath (U20)"]
[BlackTeam "Biebertal (U20)"]
[WhiteTeamCountry "GER"]
[BlackTeamCountry "GER"]

1. b3 d5 2. Bb2 c5 3. e3 Nc6 4. f4 Nf6 5. Nf3 Bg4 6. Be2 e6 7. 0-0 Be7 8. h3 Bh5 9. d3 Qc7 10. Ne5 Bxe2 11. Qxe2 Bd6 12. Ng4 d4 13. Na3 Nd5 14. Nb5 Qd7 15. Nxd6+ Qxd6 16. Bc1 dxe3 17. Bxe3 Nd4 18. Qf2 Nc3 19. Bd2 Ncb5 20. Ne3 0-0 21. Rae1 b6 22. Nc4 Qc7 23. Be3 Rad8 24. Ne5 Nc3 25. a4 1/2-1/2

[Event "CFriend AC-2003-S-00007 email"]
[Site "Chessfriend.com"]
[Date "2004.12.01"]
[Round "1"]
[White "Litvinenko, Natalia"]
[Black "Samraoui, Mekki"]
[Result "1/2-1/2"]
[WhiteElo "2123"]
[BlackElo "2332"]
[PlyCount "79"]
[EventDate "2004.??.??"]
[EventType "tourn (corr)"]
[EventRounds "6"]
[SourceTitle "Corr 2024"]
[Source "ChessBase"]
[SourceDate "2023.10.19"]
[SourceVersion "1"]
[SourceVersionDate "2023.10.19"]
[SourceQuality "1"]

1. e4 c5 2. Nf3 Nc6 3. d4 cxd4 4. Nxd4 Nf6 5. Nc3 e5 6. Ndb5 d6 7. Bg5 a6 8. Na3 b5 9. Bxf6 gxf6 10. Nd5 f5 11. exf5 Bxf5 12. Qf3 Nd4 13. Nc7+ Qxc7 14. Qxa8+ Ke7 15. c3 b4 16. cxb4 Bh6 17. Qxa6 Rb8 18. Bc4 Be4 19. Bb3 Bxg2 20. Rg1 Be4 21. Rg4 Bf4 22. Rxf4 exf4 23. Qa5 Qxa5 24. bxa5 Ra8 25. 0-0-0 Nxb3+ 26. axb3 Rxa5 27. b4 Re5 28. Nc4 Re6 29. b5 d5 30. Na5 Rb6 31. Nc6+ Kd6 32. Nd4 Kc5 33. f3 Bg6 34. Ne2 Bh5 35. Rd3 Bg6 36. Rc3+ Kd6 37. Rc6+ Rxc6+ 38. bxc6 Kxc6 39. Nxf4 Bf5 40. h4 1/2-1/2

[Event "CFriend AC-2003-S-00007 email"]
[Site "Chessfriend.com"]
[Date "2004.12.01"]
[Round "1"]
[White "Samraoui, Mekki"]
[Black "Andreassen, Einar"]
[Result "1-0"]
[WhiteElo "2332"]
[BlackElo "2261"]
[PlyCount "37"]
[EventDate "2004.??.??"]
[EventType "tourn (corr)"]
[EventRounds "6"]
[SourceTitle "Corr 2024"]
[Source "ChessBase"]
[SourceDate "2023.10.19"]
[SourceVersion "1"]
[SourceVersionDate "2023.10.19"]
[SourceQuality "1"]

1. e4 d6 2. d4 Nf6 3. Nc3 g6 4. f4 Bg7 5. Nf3 0-0 6. Bd3 Na6 7. 0-0 c5 8. d5 Bg4 9. Bc4 Nc7 10. h3 Bxf3 11. Qxf3 e6 12. dxe6 fxe6 13. Rd1 Qe7 14. e5 dxe5 15. Qxb7 Nh5 16. Nb5 Rac8 17. Nxa7 Rce8 18. Nc6 Qh4 19. Qxc7 1-0

[Event "CFriend AC-2003-S-00007 email"]
[Site "Chessfriend.com"]
[Date "2004.12.01"]
[Round "1"]
[White "Samraoui, Mekki"]
[Black "Hauschild, Achim"]
[Result "1-0"]
[WhiteElo "2332"]
[BlackElo "1791"]
[PlyCount "57"]
[EventDate "2004.??.??"]
[EventType "tourn (corr)"]
[EventRounds "6"]
[SourceTitle "Corr 2024"]
[Source "ChessBase"]
[SourceDate "2023.10.19"]
[SourceVersion "1"]
[SourceVersionDate "2023.10.19"]
[SourceQuality "1"]

1. e4 c5 2. Nf3 d6 3. d4 cxd4 4. Nxd4 Nf6 5. Nc3 a6 6. Be3 e6 7. f3 b5 8. g4 h6 9. h4 b4 10. Nce2 e5 11. Nf5 d5 12. exd5 Bxf5 13. gxf5 Qxd5 14. Qxd5 Nxd5 15. Bf2 Nd7 16. 0-0-0 N5f6 17. Rg1 Rc8 18. f4 e4 19. Nd4 Nc5 20. Bc4 Rg8 21. Be1 a5 22. Bb5+ Kd8 23. Bf2 Bd6 24. Be3 Ncd7 25. Nc6+ Kc7 26. Nxa5 Bc5 27. Bd4 Bxd4 28. Rxd4 Ra8 29. Nb3 1-0

[Event "CFriend AC-2003-S-00007 email"]
[Site "Chessfriend.com"]
[Date "2004.12.01"]
[Round "1"]
[White "Thurlow, Kevin"]
[Black "Samraoui, Mekki"]
[Result "1/2-1/2"]
[WhiteElo "2159"]
[BlackElo "2332"]
[PlyCount "42"]
[EventDate "2004.??.??"]
[EventType "tourn (corr)"]
[EventRounds "6"]
[SourceTitle "Corr 2024"]
[Source "ChessBase"]
[SourceDate "2023.10.19"]
[SourceVersion "1"]
[SourceVersionDate "2023.10.19"]
[SourceQuality "1"]

1. e4 c5 2. Nf3 Nc6 3. d4 cxd4 4. Nxd4 Nf6 5. Nc3 e5 6. Ndb5 d6 7. Bg5 a6 8. Na3 b5 9. Bxf6 gxf6 10. Nd5 f5 11. Bd3 Be6 12. 0-0 Bg7 13. Qh5 f4 14. c4 bxc4 15. Bxc4 0-0 16. Rfd1 Nd4 17. Rac1 f5 18. Nc2 Bf7 19. Qh3 fxe4 20. Nxd4 exd4 21. f3 Rb8 1/2-1/2

[Event "GER-ch internet U18"]
[Site "Playchess.com INT"]
[Date "2004.03.14"]
[Round "7"]
[White "Feuerstack, Aljoscha"]
[Black "Samraoui, Mekki"]
[Result "1/2-1/2"]
[WhiteElo "2382"]
[BlackElo "2232"]
[PlyCount "20"]
[EventDate "2004.03.14"]
[EventType "swiss (blitz)"]
[EventRounds "7"]
[EventCountry "GER"]
[SourceTitle "EXT 2005"]
[Source "ChessBase"]
[SourceDate "2004.11.15"]
[SourceVersion "1"]
[SourceVersionDate "2004.11.15"]
[SourceQuality "1"]

1. e4 e6 2. d4 d5 3. Nd2 Nf6 4. e5 Nfd7 5. c3 c5 6. f4 Nc6 7. Ne2 f6 8. Nf3 Be7 9. a3 0-0 10. b4 cxd4 1/2-1/2

[Event "GER-ch internet U18"]
[Site "Playchess.com INT"]
[Date "2004.03.14"]
[Round "6"]
[White "Samraoui, Mekki"]
[Black "Hoffmann, Udo"]
[Result "1-0"]
[WhiteElo "2218"]
[BlackElo "2148"]
[PlyCount "165"]
[EventDate "2004.03.14"]
[EventType "swiss (blitz)"]
[EventRounds "7"]
[EventCountry "GER"]
[SourceTitle "EXT 2005"]
[Source "ChessBase"]
[SourceDate "2004.11.15"]
[SourceVersion "1"]
[SourceVersionDate "2004.11.15"]
[SourceQuality "1"]

1. b3 d5 2. Bb2 Bg4 3. h3 Bh5 4. c4 e6 5. Nf3 Nf6 6. g4 Bg6 7. Bg2 c6 8. 0-0 Nbd7 9. d3 Be7 10. Qd2 h6 11. cxd5 exd5 12. Qf4 Nf8 13. Nbd2 Ne6 14. Qe3 Bd6 15. Ne5 Bh7 16. Ndf3 Qe7 17. a4 Bc5 18. Qc1 Bd6 19. Nxc6 Qd7 20. Nce5 Qd8 21. Qe3 0-0 22. g5 hxg5 23. Nxg5 Qe7 24. Nexf7 Rxf7 25. Qxe6 Qxe6 26. Nxe6 Bf5 27. Nd4 Bd7 28. Nb5 Bc5 29. Rfc1 Bb6 30. Nd6 Re7 31. a5 Bd8 32. Bxf6 gxf6 33. Bxd5+ Kh7 34. Nxb7 Rb8 35. Nxd8 Rxd8 36. Rc7 Rg7+ 37. Kh2 Kh6 38. Rxa7 Bc8 39. Rxg7 Kxg7 40. Rg1+ Kh7 41. Be4+ f5 42. Bf3 Rd6 43. Rc1 Bd7 44. Rc7 Kg6 45. Ra7 Bb5 46. b4 Re6 47. Rb7 Re5 48. Rb6+ Kg5 49. a6 Bxa6 50. Rxa6 Rb5 51. Ra5 Rxb4 52. Be4 Kh6 53. Rxf5 Rb2 54. Kg3 Rxe2 55. Rf3 Rd2 56. Re3 Rd1 57. f4 Rg1+ 58. Kf2 Rb1 59. f5 Rb2+ 60. Kf3 Kg5 61. d4 Rd2 62. d5 Rd4 63. Rd3 Rb4 64. d6 Rb8 65. d7 Rd8 66. Bc6 Kf6 67. Re3 Rb8 68. Ba4 Rd8 69. Re8 Rxd7 70. Bxd7 Kg5 71. Be6 Kf6 72. Rf8+ Ke5 73. f6 Kxe6 74. f7 Ke7 75. Rg8 Kxf7 76. Rg1 Kf6 77. h4 Kf5 78. h5 Ke5 79. h6 Kd4 80. h7 Kd5 81. h8Q Kc4 82. Rc1+ Kd3 83. Qd8# 1-0

[Event "CFriend AC-2003-Q-00002 email"]
[Site "Chessfriend.com"]
[Date "2003.07.01"]
[Round "?"]
[White "Asauskas, Mindaugas"]
[Black "Samraoui, Mekki"]
[Result "0-1"]
[WhiteElo "1881"]
[BlackElo "2490"]
[PlyCount "70"]
[EventDate "2003.07.01"]
[EventType "tourn (corr)"]
[EventRounds "10"]
[SourceTitle "Corr 2008"]
[Source "ChessBase"]
[SourceDate "2008.06.24"]
[SourceVersion "1"]
[SourceVersionDate "2008.06.24"]
[SourceQuality "1"]

1. e4 e6 2. d4 d5 3. Nd2 Nf6 4. e5 Nfd7 5. c3 c5 6. Bd3 Nc6 7. Ne2 cxd4 8. cxd4 f6 9. exf6 Nxf6 10. 0-0 Qb6 11. Nf3 Bd6 12. b3 0-0 13. Bb2 Nb4 14. Bb1 Bd7 15. Nc3 Rac8 16. Re1 Kh8 17. a3 Nc6 18. Na4 Qc7 19. Nc5 Nxd4 20. Nxd7 Nxf3+ 21. Qxf3 Qxd7 22. Qh3 Qf7 23. Bd3 Rce8 24. Bxf6 gxf6 25. b4 Be5 26. Rad1 Rg8 27. Kh1 Qg7 28. g3 f5 29. Re2 Bb2 30. Rde1 Bc3 31. Rc1 Qf6 32. Rec2 Rc8 33. f4 Rc7 34. Qh5 Rgc8 35. Kg2 a6 0-1

[Event "CFriend AC-2003-Q-00002 email"]
[Site "Chessfriend.com"]
[Date "2003.07.01"]
[Round "1"]
[White "Efendiyev, Enver"]
[Black "Samraoui, Mekki"]
[Result "0-1"]
[WhiteElo "2432"]
[BlackElo "2332"]
[PlyCount "28"]
[EventDate "2003.07.01"]
[EventType "tourn (corr)"]
[EventRounds "10"]
[SourceTitle "Corr 2024"]
[Source "ChessBase"]
[SourceDate "2023.10.19"]
[SourceVersion "1"]
[SourceVersionDate "2023.10.19"]
[SourceQuality "1"]

1. e4 e6 2. d4 d5 3. Nc3 Bb4 4. e5 c5 5. a3 Bxc3+ 6. bxc3 Qc7 7. Qg4 Ne7 8. Qxg7 Rg8 9. Qxh7 cxd4 10. Ne2 Nbc6 11. f4 dxc3 12. Qd3 Bd7 13. Rb1 0-0-0 14. Nxc3 Na5 0-1

[Event "CFriend AC-2003-Q-00002 email"]
[Site "Chessfriend.com"]
[Date "2003.07.01"]
[Round "?"]
[White "Samraoui, Mekki"]
[Black "Tietjen, Ronald"]
[Result "1/2-1/2"]
[WhiteElo "2490"]
[BlackElo "2185"]
[PlyCount "91"]
[EventDate "2003.07.01"]
[EventType "tourn (corr)"]
[EventRounds "10"]
[SourceTitle "Corr 2008"]
[Source "ChessBase"]
[SourceDate "2008.06.24"]
[SourceVersion "1"]
[SourceVersionDate "2008.06.24"]
[SourceQuality "1"]

1. d4 Nf6 2. c4 e6 3. Nf3 b6 4. g3 Ba6 5. Qa4 Bb7 6. Bg2 c5 7. dxc5 bxc5 8. Nc3 Be7 9. 0-0 0-0 10. Bf4 Qb6 11. Rfd1 d6 12. Rd2 Nc6 13. Rb1 Rfd8 14. Qd1 Na5 15. b3 a6 16. Qc2 Nc6 17. Rbd1 Nd4 18. Nxd4 cxd4 19. Na4 Qc7 20. Bxb7 Qxb7 21. Bg5 h6 22. Bxf6 Bxf6 23. Qd3 Rac8 24. e4 dxe3 25. Qxe3 Bg5 26. f4 Be7 27. Qb6 Qxb6+ 28. Nxb6 Rc6 29. Na4 f5 30. c5 d5 31. b4 Rb8 32. a3 a5 33. Rb2 Kf7 34. Rdb1 axb4 35. axb4 Ra6 36. Nc3 d4 37. Nd1 Rb5 38. Kf1 Ra3 39. Nf2 Ke8 40. Ke2 Kd7 41. Nd3 Bf6 42. h4 h5 43. Kd2 Kc6 44. Re1 Kd5 45. Rc2 Ra6 46. Rb1 1/2-1/2

[Event "CFriend AC-2003-Q-00002 email"]
[Site "Chessfriend.com"]
[Date "2003.07.01"]
[Round "?"]
[White "Samraoui, Mekki"]
[Black "Tushev, Andrey"]
[Result "1/2-1/2"]
[WhiteElo "2490"]
[BlackElo "2055"]
[PlyCount "66"]
[EventDate "2003.07.01"]
[EventType "tourn (corr)"]
[EventRounds "10"]
[SourceTitle "Corr 2008"]
[Source "ChessBase"]
[SourceDate "2008.06.24"]
[SourceVersion "1"]
[SourceVersionDate "2008.06.24"]
[SourceQuality "1"]

1. d4 Nf6 2. c4 e6 3. Nf3 Bb4+ 4. Bd2 Qe7 5. g3 Nc6 6. Nc3 Bxc3 7. Bxc3 Ne4 8. Rc1 d6 9. d5 Nxc3 10. Rxc3 Nd8 11. Bg2 0-0 12. Nd2 f5 13. 0-0 Bd7 14. Qc2 c6 15. Rd1 e5 16. c5 dxc5 17. Rxc5 e4 18. d6 Qf6 19. g4 e3 20. Qb3+ Kh8 21. Qxe3 Qxd6 22. Qe5 Qxe5 23. Rxe5 fxg4 24. Re7 Rf7 25. Re3 Be6 26. Ne4 Re7 27. Nc5 Kg8 28. b3 Kf7 29. Re4 h5 30. Rd6 g5 31. Red4 Re8 32. Rd2 h4 33. e3 Kf6 1/2-1/2

[Event "GER-chT U16"]
[Site "Burg Stargard"]
[Date "2002.12.30"]
[Round "7.2"]
[White "Samraoui, Mekki"]
[Black "Skorzinski, Frederik"]
[Result "1-0"]
[WhiteElo "1703"]
[BlackElo "1524"]
[PlyCount "107"]
[EventDate "2002.12.27"]
[EventType "team"]
[EventRounds "7"]
[EventCountry "GER"]
[SourceTitle "CBM 092 Extra"]
[Source "ChessBase"]
[SourceDate "2003.03.07"]
[SourceVersion "1"]
[SourceVersionDate "2003.03.07"]
[SourceQuality "1"]

1. b3 e5 2. Bb2 Nc6 3. e3 a6 4. g3 d5 5. Bg2 Nf6 6. Ne2 g6 7. 0-0 Bg7 8. f4 e4 9. a4 0-0 10. h3 Be6 11. g4 Qd7 12. Ng3 Ne7 13. Qe1 Qc8 14. f5 gxf5 15. Nxf5 Nxf5 16. gxf5 Bxf5 17. Qf2 Ne8 18. Nc3 Bxh3 19. Nxd5 Qg4 20. Bxg7 Kxg7 21. Kh2 Qxg2+ 22. Qxg2+ Bxg2 23. Rg1 f5 24. Rxg2+ Kf7 25. Rf1 Ke6 26. c4 c6 27. Nc3 Rf6 28. Ne2 Rh6+ 29. Kg1 Nd6 30. c5 Nc8 31. Nd4+ Kd7 32. Rxf5 Ne7 33. Re5 Rh4 34. Rxe7+ Kxe7 35. Nf5+ Ke6 36. Nxh4 Kd5 37. Rg5+ Ke6 38. Rg7 Rd8 39. Rg2 Rd3 40. Rg7 Rd7 41. Rxd7 Kxd7 42. Ng2 Ke6 43. Nf4+ Ke5 44. Kf2 h5 45. Kg3 a5 46. Kh4 Kf6 47. Kxh5 Kf5 48. Kh4 Ke5 49. Kg4 Kf6 50. d4 exd3 51. Nxd3 Ke6 52. e4 Kf6 53. Kf4 Ke6 54. e5 1-0